| 000 | 00658 a2200193 4500 | ||
|---|---|---|---|
| 999 |
_c1531 _d1531 |
||
| 020 | _a9780470374948 (alk. paper) | ||
| 050 | 0 | 0 | _aHF5635. KIE 2010 |
| 100 | 1 | _aKieso, Donald E. | |
| 245 | 1 | 0 |
_aIntermediate accounting / _cDonald E. Kieso, Jerry J. Weygandt, Terry D. Warfield. |
| 250 | _a13th ed. | ||
| 264 |
_aLondon: _bJohn Wiley and sons., _c2010 |
||
| 300 |
_axl, 1379, I-20 p. : _bill. (chiefly col.) ; |
||
| 500 | _aIncludes index and bibliographic references | ||
| 650 | 0 | _aAccounting. | |
| 700 | 1 | _aWeygandt, Jerry J. | |
| 700 | 1 | _aWarfield, Terry D. | |
| 942 |
_2lcc _cBK _e13th _h5635 _iKIE _kHF |
||